000 nam a22 a 4500
999 _c205253
_d205253
003 BLK
005 20221209151421.0
008 180411b bul|||||r ||||||| ||bul||
040 _aBLK
041 _aBUL
_cBUL
080 _aНемска литература
_b821.112.2
_x-312.6
_z821.112.2-312.6
080 _aИстория на Гърция (до 323 г. н. е.). Древна Гърция
_b94(38)
_x(092)(0:82-31)
_z94(38)(092)(0:82-31)
080 _aДревногръцки политик
_b929 Перикъл
_z929 Перикъл
100 1 _aХемерлинг, Конрад
_eпърви автор
_9136742
139 _aПерикъл
245 1 0 _aПерикъл
_bЧовек е мярка на всички неща : Биогр. роман
_cКонрад Хемерлинг; прев. от нем. Спас Н. Мулешков.
250 _a2. изд.
257 _aDDR
260 _aСофия
_bОФ
_c1981
_fВраца : В. Александров
300 _a448 с.
_c21 см
380 _aX
500 _aОриг. загл. Mensch - Mass aller Dinge. Roman des Perikles / Konrad Haemmerling. - 1. изд. 1970 в сер. Бележити политически дейци. - 60 200 тир.
600 1 4 _aПерикъл
_9324174
650 4 _aПерикъл
_9324174
651 4 _aДревна Гърция
_9242869
653 _aПерикъл
653 _aроманизувани биографии
700 1 _aМулешков, Спас Николов
_eпрев. от нем.
_9324307
852 _aЦб 108324
_bЦб
942 _cKNG
_n0
_01
_s1
944 _aCR
_c16.12.2017
_lф /
_kВиолета_Тройчева
944 _aED
_c2022-12-09